01104nam a2200193Ia 4500952009700000952009700097999001700194008004100211020001500252050001600267100004500283245006100328260003600389300003500425505035700460519004300817650003800860942001200898 00102lcc4070a01b01d2023-03-03l0oQH315 A545p16 004193r2023-07-13t1w2023-03-03yLB 00102lcc4070a01b01d2023-03-03l0oQH315 A545p16 004194r2023-07-13t2w2023-03-03yLB c68975d68975120626s1988 mx 000 0 spa d a9684513011 aQH315bA545 aAlonso Tejada, María Eréndiraeautor aLa ciencia de la vida 2c/ Ma. Eréndira, Alonso Tejada aMéxicob: McGraw Hillc, 1988 a151 páginasb: ilustraciones aI. Biología ambiental II. Biofísica III. Biosíntesis y aprovechamiento IV. Oxidorreducción y transporte V. Autoduplicación y autoconstrucción VI. Autoperpetuación: regulación VII. Autoperpetuación: reproducción VIII. Autoperpetuación: adaptación: genética IX. Autoperpetuación: adaptación; evolución X. Origen de la vida a Material complementario /d 16 004193 aBIOLOGÍAxESTUDIO Y ENSEÑANZA cLB2lcc